| 000 | 00492nam a22001937a 4500 | ||
|---|---|---|---|
| 003 | MPLRDC | ||
| 005 | 20220104184430.0 | ||
| 008 | 210129b ||||| |||| 00| 0 eng d | ||
| 020 | _a983-3098-28-2 | ||
| 082 | _a176.3 FCD c.2 | ||
| 100 | _a傅承得 | ||
| 245 |
_a启动学习力 _c |
||
| 250 | _a初版 | ||
| 260 |
_a马来西亚 _b大将出版社 _c2004 |
||
| 300 | _b平 | ||
| 490 | _a大将校园. 08 | ||
| 650 | _a心理过程--注意, 记忆与学习 | ||
| 942 |
_cBK _o176.3 FCD c.2 |
||
| 999 |
_c62862 _d62852 |
||